| 000 | 00512cam a2200181ua 4500 | ||
|---|---|---|---|
| 020 | _c650.00 | ||
| 041 |
_aeng _h |
||
| 082 |
_a630.49 _bJHA/LA |
||
| 100 | _aJha, Mrityunjay M . | ||
| 245 |
_aLand use reflection on spatial informatics, agriculture and development / _cMrityunjay M Jha. _hTextual Documents |
||
| 260 |
_aNew Delhi : _bConcept Publishing Company , _c2008. |
||
| 300 | _a317 ; . | ||
| 365 | _a650.00 | ||
| 504 | _a | ||
| 700 | 1 | _aSingh, R B . | |
| 942 | _cBK | ||
| 999 |
_c13333 _d13333 |
||